[Event "Leipzig VfB op 23rd"]
[Site "Leipzig"]
[Date "2016.03.19"]
[Round "8"]
[White "Thesing, Ansgar"]
[Black "Schreiter, Thomas"]
[Result "1/2-1/2"]
[WhiteElo "1947"]
[BlackElo "2043"]
[PlyCount "37"]
[EventDate "2016.03.15"]
[EventType "swiss"]
[EventRounds "9"]
[EventCountry "GER"]
[SourceTitle "EXT 2017"]
[Source "ChessBase"]
[SourceDate "2016.10.25"]
[SourceVersion "1"]
[SourceVersionDate "2016.10.25"]
[SourceQuality "1"]

1. e4 e6 2. d4 d5 3. Nc3 Nf6 4. exd5 exd5 5. Nf3 Bg4 6. Be2 Bd6 7. 0-0 c6 8. h3 Bh5 9. Be3 Nbd7 10. b3 0-0 11. Re1 Re8 12. a3 a5 13. Qd2 Qc7 14. Nh4 Bxe2 15. Rxe2 Ne4 16. Nxe4 Rxe4 17. Nf5 Bf8 18. f3 Re6 19. Bf2 1/2-1/2

[Event "Leipzig VfB op 23rd"]
[Site "Leipzig"]
[Date "2016.03.17"]
[Round "4"]
[White "Spreer, Lutz"]
[Black "Schreiter, Thomas"]
[Result "0-1"]
[WhiteElo "1628"]
[BlackElo "2043"]
[PlyCount "52"]
[EventDate "2016.03.15"]
[EventType "swiss"]
[EventRounds "9"]
[EventCountry "GER"]
[SourceTitle "EXT 2017"]
[Source "ChessBase"]
[SourceDate "2016.10.25"]
[SourceVersion "1"]
[SourceVersionDate "2016.10.25"]
[SourceQuality "1"]

1. e4 c5 2. Nc3 e6 3. f4 Nc6 4. Nf3 a6 5. g3 d6 6. Bg2 Qc7 7. 0-0 b5 8. e5 d5 9. d4 cxd4 10. Ne2 Bc5 11. f5 d3+ 12. Ned4 Nxd4 13. Kh1 dxc2 14. Qd3 Nxf5 15. Ng5 Ngh6 16. Qxc2 Bd6 17. Qe2 Bxe5 18. g4 Nd4 19. Qd3 f6 20. Nxh7 Qc2 21. Nxf6+ gxf6 22. Qh3 Qh7 23. Bf4 Nf7 24. Qe3 Bxf4 25. Qxf4 e5 26. Qg3 Ne2 0-1

[Event "GER-chT Betriebe 15th"]
[Site "Munich"]
[Date "2015.10.24"]
[Round "5.3"]
[White "Ristic, Sreten"]
[Black "Schreiter, Thomas"]
[Result "0-1"]
[WhiteElo "1901"]
[BlackElo "2043"]
[PlyCount "162"]
[EventDate "2015.10.22"]
[EventType "team-swiss"]
[EventRounds "7"]
[EventCountry "GER"]
[SourceTitle "EXT 2020"]
[Source "ChessBase"]
[SourceDate "2019.10.17"]
[SourceVersion "1"]
[SourceVersionDate "2019.10.17"]
[SourceQuality "1"]
[WhiteTeam "Hamburg Rapid Unilever"]
[BlackTeam "Leipzig Publishing Services"]
[WhiteTeamCountry "GER"]
[BlackTeamCountry "GER"]

1. e4 e6 2. Nc3 d5 3. d3 Nf6 4. Qe2 Nc6 5. Nf3 Be7 6. h3 b6 7. g3 Bb7 8. Bg2 d4 9. Nd1 0-0 10. 0-0 a5 11. b3 a4 12. bxa4 Rxa4 13. Nb2 Ra7 14. Nc4 Qa8 15. Bb2 Bc5 16. Rfb1 Rd8 17. a4 Nb4 18. Ne1 Ne8 19. f4 Rxa4 20. Nd2 Rxa1 21. Rxa1 Qc8 22. Nb3 Na6 23. Nf3 Be7 24. Nbxd4 Bf6 25. e5 Be7 26. Kh2 c5 27. Nb3 Nec7 28. Nbd2 Nb4 29. Nc4 Ncd5 30. c3 Nc6 31. h4 Qc7 32. Ncd2 Bf8 33. Ne4 Na5 34. Rd1 Ba6 35. Nfg5 h6 36. Nf3 Qd7 37. Nf2 Qc7 38. Bh3 Ne7 39. h5 g6 40. Nh4 g5 41. Nf3 gxf4 42. gxf4 Nd5 43. Ne4 f5 44. exf6 Qxf4+ 45. Ng3 Nxf6 46. c4 Ng4+ 47. Bxg4 Qxg4 48. Qe4 Qxe4 49. Nxe4 Bd6+ 50. Nxd6 Rxd6 51. Ne5 Nb3 52. Rg1+ Kf8 53. Rg6 Nd4 54. Rxh6 Bb7 55. Kg3 Nf5+ 56. Kf4 Nxh6 57. d4 Rxd4+ 58. Bxd4 cxd4 59. Nd7+ Ke7 60. Nxb6 Kd6 61. Na4 Bc6 62. Nb2 Be8 63. Kg5 Nf5 64. Nd3 Ba4 65. h6 Nxh6 66. Kxh6 e5 67. Kg5 Bc2 68. Nf2 Kc5 69. Ng4 d3 70. Ne3 Kd4 71. Nf1 Kxc4 72. Kf5 Kd4 73. Nd2 Bd1 74. Nf1 Bf3 75. Nd2 Bd5 76. Nf1 Be6+ 77. Kxe6 e4 78. Kf5 e3 79. Kf4 e2 80. Nd2 Kc3 81. Nf3 d2 0-1

[Event "GER-chT Betriebe 15th"]
[Site "Munich"]
[Date "2015.10.22"]
[Round "1.3"]
[White "Hofbauer, Bernhard"]
[Black "Schreiter, Thomas"]
[Result "1-0"]
[WhiteElo "1954"]
[BlackElo "2043"]
[PlyCount "52"]
[EventDate "2015.10.22"]
[EventType "team-swiss"]
[EventRounds "7"]
[EventCountry "GER"]
[SourceTitle "EXT 2020"]
[Source "ChessBase"]
[SourceDate "2019.10.17"]
[SourceVersion "1"]
[SourceVersionDate "2019.10.17"]
[SourceQuality "1"]
[WhiteTeam "Fiducia IT"]
[BlackTeam "Leipzig Publishing Services"]
[WhiteTeamCountry "GER"]
[BlackTeamCountry "GER"]

1. e4 e6 2. d4 d5 3. Nd2 c5 4. exd5 Qxd5 5. Ngf3 cxd4 6. Bc4 Qc5 7. 0-0 Nc6 8. Qe2 Nf6 9. Nb3 Qh5 10. Nbxd4 Nxd4 11. Nxd4 Qxe2 12. Bxe2 a6 13. Bf3 Bc5 14. Nb3 Bb6 15. Bf4 0-0 16. Rad1 a5 17. Bd6 Re8 18. Rfe1 a4 19. Nd4 Ra5 20. Bb4 Ra8 21. Nb5 g5 22. g3 Rd8 23. Bc3 Nd5 24. Bxd5 exd5 25. Rxd5 h6 26. Rxd8+ Bxd8 1-0

[Event "Oberliga Ost-A 1415"]
[Site "Germany"]
[Date "2014.12.07"]
[Round "5.7"]
[White "Schreiter, Thomas"]
[Black "Rothe, Guido"]
[Result "0-1"]
[WhiteElo "2037"]
[BlackElo "2174"]
[PlyCount "72"]
[EventDate "2014.09.21"]
[EventType "team-tourn"]
[EventRounds "11"]
[EventCountry "GER"]
[SourceTitle "EXT 2016"]
[Source "ChessBase"]
[SourceDate "2015.10.08"]
[SourceVersion "1"]
[SourceVersionDate "2015.10.08"]
[SourceQuality "1"]
[WhiteTeam "Leipzig SG II"]
[BlackTeam "Magdeburg Aufbau Elbe"]
[WhiteTeamCountry "GER"]
[BlackTeamCountry "GER"]

1. d4 Nf6 2. c4 g6 3. Nc3 Bg7 4. g3 0-0 5. Bg2 d6 6. Nf3 Nbd7 7. 0-0 e5 8. d5 a5 9. e4 Nc5 10. Ne1 Nfd7 11. Nd3 f5 12. f3 Nxd3 13. Qxd3 Nc5 14. Qe2 Bd7 15. Be3 b6 16. Rac1 Bf6 17. Kh1 f4 18. Bd2 h5 19. Rg1 g5 20. Bf1 Kh8 21. Nd1 g4 22. Nf2 fxg3 23. hxg3 Bg5 24. Bg2 gxf3 25. Bxf3 Bxd2 26. Qxd2 Rxf3 27. Qh6+ Kg8 28. Qg6+ Kf8 29. Qh6+ Kg8 30. Qg6+ Kf8 31. Qh6+ Ke7 32. Qg5+ Rf6 33. Qg7+ Rf7 34. Qg5+ Kf8 35. Qh6+ Kg8 36. g4 Qh4+ 0-1

[Event "Oberliga Ost-A 1415"]
[Site "Germany"]
[Date "2014.10.18"]
[Round "2.8"]
[White "Schreiter, Thomas"]
[Black "Liebscher, Sebastian"]
[Result "1-0"]
[WhiteElo "2037"]
[BlackElo "2070"]
[PlyCount "61"]
[EventDate "2014.09.21"]
[EventType "team-tourn"]
[EventRounds "11"]
[EventCountry "GER"]
[SourceTitle "EXT 2016"]
[Source "ChessBase"]
[SourceDate "2015.10.08"]
[SourceVersion "1"]
[SourceVersionDate "2015.10.08"]
[SourceQuality "1"]
[WhiteTeam "Leipzig SG II"]
[BlackTeam "Coswig"]
[WhiteTeamCountry "GER"]
[BlackTeamCountry "GER"]

1. d4 Nf6 2. Nf3 e6 3. c4 b6 4. g3 Bb7 5. Bg2 Be7 6. Nc3 Ne4 7. 0-0 Nxc3 8. bxc3 0-0 9. Qc2 Nc6 10. e4 Na5 11. Nd2 f5 12. exf5 Bxg2 13. Kxg2 exf5 14. Qd3 d6 15. d5 Qd7 16. Nb3 Nb7 17. Nd4 Nc5 18. Qc2 Rae8 19. Ba3 f4 20. f3 Rf6 21. Rae1 Bf8 22. g4 Rxe1 23. Rxe1 h5 24. g5 Rf7 25. Bxc5 dxc5 26. Ne6 c6 27. dxc6 Qc8 28. Qg6 Re7 29. Re4 Qxc6 30. Nxf8 Qa4 31. Rxe7 1-0

[Event "Berlin Spring op-A"]
[Site "Berlin"]
[Date "2014.05.03"]
[Round "5"]
[White "Pajeken, Jakob Leon"]
[Black "Schreiter, Thomas"]
[Result "0-1"]
[WhiteElo "1746"]
[BlackElo "2041"]
[PlyCount "68"]
[EventDate "2014.05.01"]
[EventType "swiss"]
[EventRounds "7"]
[EventCountry "GER"]
[SourceTitle "CBM 160 Extra"]
[Source "ChessBase"]
[SourceDate "2014.07.01"]
[SourceVersion "1"]
[SourceVersionDate "2014.07.01"]
[SourceQuality "1"]

1. e4 e6 2. d4 d5 3. Nc3 Nf6 4. e5 Nfd7 5. f4 c5 6. Nf3 Nc6 7. Be3 a6 8. Qd2 b5 9. Be2 Qb6 10. Nd1 Be7 11. 0-0 f6 12. c3 0-0 13. Bd3 a5 14. a3 a4 15. Bc2 Na5 16. Qd3 f5 17. Nf2 Ba6 18. Qd1 Rfc8 19. Nd2 Qc7 20. Qh5 Nc6 21. Rfc1 cxd4 22. Bxd4 Nxd4 23. cxd4 Qb6 24. Nf3 g6 25. Qh6 Rc7 26. Bd3 Rac8 27. Rxc7 Rxc7 28. Rd1 b4 29. Bxa6 Qxa6 30. axb4 Rc2 31. Nd3 Qc4 32. Nc5 Qe2 33. Ne1 Qf2+ 34. Kh1 Qf1# 0-1

[Event "Berlin Spring op-A"]
[Site "Berlin"]
[Date "2014.05.02"]
[Round "4"]
[White "Schreiter, Thomas"]
[Black "Thesing, Ansgar"]
[Result "1/2-1/2"]
[WhiteElo "2041"]
[BlackElo "1885"]
[PlyCount "81"]
[EventDate "2014.05.01"]
[EventType "swiss"]
[EventRounds "7"]
[EventCountry "GER"]
[SourceTitle "CBM 160 Extra"]
[Source "ChessBase"]
[SourceDate "2014.07.01"]
[SourceVersion "1"]
[SourceVersionDate "2014.07.01"]
[SourceQuality "1"]

1. d4 d5 2. c4 e6 3. Nf3 c6 4. g3 Nf6 5. Bg2 Bd6 6. b3 Nbd7 7. cxd5 cxd5 8. 0-0 0-0 9. Bb2 b6 10. Nbd2 Bb7 11. Ne1 Rc8 12. Nd3 Qe7 13. Nf3 Ne4 14. Rc1 Rxc1 15. Qxc1 Rc8 16. Qe3 Ndf6 17. Rc1 Rxc1+ 18. Qxc1 Qc7 19. Qxc7 Bxc7 20. Nfe5 a5 21. f3 Nd6 22. Kf2 Nfe8 23. Bh3 Kf8 24. Nf4 g5 25. Ng2 h5 26. Ne3 f6 27. Nd3 Kf7 28. Ke1 Ba6 29. Kd2 Ng7 30. Nf2 Ngf5 31. Nxf5 Nxf5 32. e4 Nd6 33. Ke3 f5 34. e5 Ne8 35. Nd1 Bd8 36. Ba3 g4 37. Bg2 Bg5+ 38. f4 Bd8 39. Nc3 Nc7 40. Bb2 Ne8 41. Na4 1/2-1/2

[Event "Leipzig VfB op 21st"]
[Site "Leipzig"]
[Date "2014.03.08"]
[Round "8"]
[White "Schreiter, Thomas"]
[Black "Fischer, Sven"]
[Result "1/2-1/2"]
[WhiteElo "2041"]
[BlackElo "1745"]
[PlyCount "60"]
[EventDate "2014.03.04"]
[EventType "tourn"]
[EventRounds "9"]
[EventCountry "GER"]
[SourceTitle "CBM 159 Extra"]
[Source "ChessBase"]
[SourceDate "2014.04.24"]
[SourceVersion "1"]
[SourceVersionDate "2014.04.24"]
[SourceQuality "1"]

1. d4 Nf6 2. c4 g6 3. g3 Bg7 4. Bg2 d6 5. Nf3 0-0 6. 0-0 Nbd7 7. Nc3 e5 8. e4 h6 9. Re1 c6 10. h3 Qe7 11. d5 c5 12. Be3 Nb6 13. Bf1 g5 14. Nd2 Nh7 15. g4 Bd7 16. a3 Rfc8 17. b4 Bf8 18. bxc5 dxc5 19. a4 Rab8 20. Nb3 Be8 21. Qd2 Qc7 22. Nb5 Bxb5 23. axb5 Ra8 24. Red1 Bd6 25. Ra2 Nd7 26. Rda1 b6 27. Nc1 Rcb8 28. Ne2 Nhf6 29. Ng3 Ne8 30. Qb2 f6 1/2-1/2

[Event "Leipzig VfB op 20th"]
[Site "Leipzig"]
[Date "2013.03.06"]
[Round "2"]
[White "Schreiter, Thomas"]
[Black "Gempe, Thomas"]
[Result "1/2-1/2"]
[WhiteElo "2022"]
[BlackElo "2270"]
[PlyCount "101"]
[EventDate "2013.03.05"]
[EventType "swiss"]
[EventRounds "9"]
[EventCountry "GER"]
[SourceTitle "EXT 2014"]
[Source "ChessBase"]
[SourceDate "2013.11.20"]
[SourceVersion "1"]
[SourceVersionDate "2013.11.20"]
[SourceQuality "1"]

1. c4 Nf6 2. g3 g6 3. Bg2 Bg7 4. Nc3 0-0 5. d3 d6 6. h3 Nc6 7. Be3 e5 8. Nf3 Re8 9. Qd2 e4 10. dxe4 Nxe4 11. Nxe4 Rxe4 12. Rc1 Bd7 13. 0-0 Qf6 14. b4 Rae8 15. b5 Nd8 16. Ne1 Rxe3 17. fxe3 Qe5 18. Rf4 Bh6 19. Nd3 Qxe3+ 20. Qxe3 Rxe3 21. Kf2 Bxf4 22. gxf4 Re7 23. Nb4 c6 24. a4 Ne6 25. e3 Nc5 26. Rd1 Ne4+ 27. Bxe4 Rxe4 28. Rxd6 Bxh3 29. bxc6 bxc6 30. Rxc6 Bd7 31. Rc7 Bxa4 32. Kf3 Re8 33. Rxa7 Bd1+ 34. Kf2 Rc8 35. Nd3 Rxc4 36. Ne5 Rc2+ 37. Ke1 Bh5 38. Nxf7 Re2+ 39. Kf1 Rxe3 40. Nh6+ Kf8 41. Rf7+ Ke8 42. f5 gxf5 43. Rxf5 Bg6 44. Rf4 Ke7 45. Kg2 Ke6 46. Ng4 Ra3 47. Rf6+ Kd5 48. Rf3 Ra1 49. Kg3 Rg1+ 50. Kf4 Kd4 51. Rf2 1/2-1/2

[Event "Leipzig VfB op 19th"]
[Site "Leipzig"]
[Date "2012.03.10"]
[Round "8"]
[White "Schreiter, Thomas"]
[Black "Bohne, Alexander"]
[Result "1/2-1/2"]
[WhiteElo "2115"]
[BlackElo "1796"]
[PlyCount "32"]
[EventDate "2012.03.06"]
[EventType "swiss"]
[EventRounds "9"]
[EventCountry "GER"]
[SourceTitle "CBM 147 Extra"]
[Source "ChessBase"]
[SourceDate "2012.04.24"]
[SourceVersion "1"]
[SourceVersionDate "2012.04.24"]
[SourceQuality "1"]

1. d4 Nf6 2. Nf3 g6 3. g3 Bg7 4. Bg2 d5 5. c4 dxc4 6. Na3 0-0 7. 0-0 c6 8. Nxc4 Be6 9. Nce5 Nbd7 10. Nd3 Qb6 11. Qa4 Bd5 12. e3 c5 13. dxc5 Nxc5 14. Nxc5 Qxc5 15. Bd2 Bc6 16. Bb4 Qh5 1/2-1/2

[Event "Leipzig VfB op 19th"]
[Site "Leipzig"]
[Date "2012.03.07"]
[Round "3"]
[White "Mueller, Michael5555"]
[Black "Schreiter, Thomas"]
[Result "1-0"]
[WhiteElo "1888"]
[BlackElo "2115"]
[PlyCount "144"]
[EventDate "2012.03.06"]
[EventType "swiss"]
[EventRounds "9"]
[EventCountry "GER"]
[SourceTitle "CBM 147 Extra"]
[Source "ChessBase"]
[SourceDate "2012.04.24"]
[SourceVersion "1"]
[SourceVersionDate "2012.04.24"]
[SourceQuality "1"]

1. d4 d5 2. e4 e6 3. Nc3 Nf6 4. exd5 exd5 5. Nf3 Bf5 6. Bd3 Bxd3 7. Qxd3 c6 8. 0-0 Be7 9. Nh4 0-0 10. Nf5 Re8 11. Nxe7+ Qxe7 12. Bd2 Na6 13. Rfe1 Qd6 14. a3 Nc7 15. Ne2 Ne6 16. Ng3 Qc7 17. Re5 Qb6 18. Bc3 Nf4 19. Qd2 Ng6 20. Rxe8+ Rxe8 21. Re1 Qd8 22. f3 Qd7 23. Kf2 Rxe1 24. Qxe1 h5 25. Qe3 h4 26. Nf1 Qf5 27. Qe2 Ne4+ 28. Kg1 Nxc3 29. bxc3 Nf4 30. Qd2 Ne6 31. Ne3 Qg5 32. Nf1 Qg6 33. Kf2 Qf5 34. Ne3 Qf4 35. g3 hxg3+ 36. hxg3 Qh6 37. Nf1 Qh3 38. Qe3 Qf5 39. Qd3 Qf6 40. Nd2 Qh6 41. Kg1 Qg5 42. Kf2 Qe7 43. c4 dxc4 44. Nxc4 Qd7 45. c3 Qd5 46. Nd2 a6 47. Qc4 Qh5 48. Nf1 Qh6 49. Qb3 b5 50. Qd1 Nc7 51. Ne3 Qe6 52. Qb1 Qh6 53. Qf5 Qe6 54. Qxe6 fxe6 55. Ke2 Kf8 56. Kd3 Ke7 57. c4 Kd6 58. cxb5 cxb5 59. Ng4 a5 60. Ne3 Nd5 61. f4 Nf6 62. g4 Nd5 63. Nxd5 Kxd5 64. f5 exf5 65. gxf5 Kc6 66. Ke4 b4 67. axb4 a4 68. Kd3 Kb5 69. Kc3 a3 70. d5 Kb6 71. Kb3 Ka6 72. Ka2 Kb6 1-0

[Event "OP-2010-0-01312"]
[Site "LSS email"]
[Date "2010.11.11"]
[Round "?"]
[White "Suarez, Rolando"]
[Black "Schreiter, Thomas"]
[Result "1/2-1/2"]
[WhiteElo "1703"]
[BlackElo "1644"]
[PlyCount "71"]
[EventDate "2010.11.06"]
[EventType "tourn (corr)"]
[EventRounds "4"]
[EventCountry "GER"]
[SourceTitle "Telechess CBM 145"]
[Source "Chessbase"]
[SourceDate "2011.11.11"]
[SourceVersion "1"]
[SourceVersionDate "2011.11.11"]
[SourceQuality "1"]

1. d4 f5 2. Nc3 Nf6 3. Bg5 e6 4. e4 fxe4 5. Nxe4 Be7 6. Bxf6 Bxf6 7. Qh5+ g6 8. Qh6 Nc6 9. Nf3 Nxd4 10. Nxd4 Bxd4 11. 0-0-0 Be5 12. f4 Bf6 13. h4 Kf7 14. f5 d6 15. Bc4 gxf5 16. Ng5+ Bxg5+ 17. hxg5 Rg8 18. Qxh7+ Kf8 19. Qh6+ Kf7 20. Rh5 d5 21. g6+ Rxg6 22. Rxf5+ exf5 23. Bxd5+ Be6 24. Bxe6+ Rxe6 25. Qh5+ Ke7 26. Qh7+ Ke8 27. Qh8+ Ke7 28. Qg7+ Ke8 29. Rxd8+ Rxd8 30. b3 b6 31. Qxc7 a5 32. Qh7 Rd5 33. Qh5+ Kf8 34. g4 Kg7 35. gxf5 Rf6 36. Kb2 1/2-1/2

[Event "OP-2010-0-01311"]
[Site "LSS email"]
[Date "2010.11.10"]
[Round "?"]
[White "Rutten, David"]
[Black "Schreiter, Thomas"]
[Result "1/2-1/2"]
[WhiteElo "1887"]
[BlackElo "1637"]
[PlyCount "63"]
[EventDate "2010.11.05"]
[EventType "tourn (corr)"]
[EventRounds "4"]
[EventCountry "GER"]
[SourceTitle "Telechess CBM 143"]
[Source "ChessBase"]
[SourceDate "2011.07.15"]
[SourceVersion "1"]
[SourceVersionDate "2011.07.15"]
[SourceQuality "1"]

1. d4 f5 2. Nc3 Nf6 3. Bg5 d5 4. Bxf6 exf6 5. e3 c6 6. Bd3 Bd6 7. Qf3 g6 8. Nge2 Na6 9. a3 Qe7 10. h3 Nc7 11. g4 Ne6 12. 0-0-0 Ng5 13. Qg2 Ne4 14. Kb1 Be6 15. f3 Nxc3+ 16. Nxc3 0-0-0 17. gxf5 Bxf5 18. e4 dxe4 19. fxe4 Be6 20. Qf1 Qf7 21. d5 cxd5 22. exd5 Bd7 23. Nb5 Bxb5 24. Bxb5 a6 25. Ba4 Qe7 26. Qd3 b5 27. Rhe1 Be5 28. Bb3 Qc5 29. a4 Rd6 30. Re4 Rhd8 31. Rde1 Rb6 32. axb5 1/2-1/2

[Event "OP-2010-0-01311"]
[Site "LSS email"]
[Date "2010.11.10"]
[Round "?"]
[White "Vontina, Maria"]
[Black "Schreiter, Thomas"]
[Result "0-1"]
[WhiteElo "667"]
[BlackElo "1637"]
[PlyCount "66"]
[EventDate "2010.11.05"]
[EventType "tourn (corr)"]
[EventRounds "4"]
[EventCountry "GER"]
[SourceTitle "Telechess CBM 143"]
[Source "ChessBase"]
[SourceDate "2011.07.15"]
[SourceVersion "1"]
[SourceVersionDate "2011.07.15"]
[SourceQuality "1"]

1. e4 e5 2. Nf3 Nf6 3. Nxe5 Qe7 4. Nf3 Qxe4+ 5. Be2 Be7 6. 0-0 0-0 7. Nc3 Qc6 8. d3 d5 9. Bg5 Nbd7 10. Re1 Re8 11. Nd4 Qb6 12. Nf3 Qxb2 13. Qd2 c6 14. Rab1 Qa3 15. Rb3 Qa5 16. Bf1 Bb4 17. Reb1 c5 18. a3 Bxc3 19. Qxc3 Qxc3 20. Rxc3 d4 21. Rcb3 b6 22. g3 Bb7 23. Nd2 h6 24. Bf4 g5 25. Bd6 Re6 26. Bc7 Rc8 27. Bxb6 axb6 28. Nc4 Bd5 29. R3b2 Bxc4 30. dxc4 g4 31. Bd3 Ne4 32. Bxe4 Rxe4 33. Kf1 Rc6 0-1